[Event "Detroit (WCO/1/14)"]
[Site "?"]
[Date "1996.??.??"]
[Round "?"]
[White "Hill, Brad"]
[Black "Hooker, Larry"]
[Result "1-0"]
[WhiteElo "1605"]
[BlackElo "1605"]
[PlyCount "171"]
[EventDate "1996.??.??"]

{1/(14)} 1. d4 d5 2. Bg5 Nc6 3. Nf3 Nf6 4. Bxf6 exf6 5. e3 Bg4 6. h3 Bf5 7. Bd3
Bxd3 8. Qxd3 Nb4 9. Qd2 Be7 10. O-O O-O 11. c3 Nc6 12. Qd3 Bd6 13. a4 Ne7 14.
b4 Qd7 15. Na3 Qf5 16. Qxf5 Nxf5 17. Nb5 c6 18. Nxd6 Nxd6 19. Nd2 a6 20. Rfc1
Rab8 21. c4 dxc4 22. Nxc4 Nxc4 23. Rxc4 Rfc8 24. Rac1 Rc7 25. b5 axb5 26. axb5
Rbc8 27. d5 Kf8 28. bxc6 bxc6 29. d6 Rd7 30. Rxc6 Rxc6 31. Rxc6 Ke8 32. f3 Rd8
33. Kf2 Kd7 34. Ra6 Ke6 35. Kg3 Rxd6 36. Ra8 Kf5 37. e4+ Kg6 38. Ra5 Rd4 39.
Kg4 h6 40. h4 Kh7 41. Ra7 Kg8 42. Ra8+ Kh7 43. h5 Rd2 44. g3 g6 45. Ra5 Rh2 46.
Rd5 Kg7 47. f4 Rf2 48. Rc5 Re2 49. Kf3 Rh2 50. g4 Rh3+ 51. Kf2 Kh7 52. hxg6+
fxg6 53. Rc7+ Kg8 54. e5 fxe5 55. fxe5 Kf8 56. e6 Ke8 57. Rg7 g5 58. Rh7 Rh4
59. Kf3 Kf8 60. Rf7+ Ke8 61. Rb7 h5 62. gxh5 Rxh5 63. Kg4 Rh6 64. Kf5 g4 65.
Rg7 Kd8 66. Rxg4 Ke7 67. Rg7+ Ke8 68. Ke5 Kd8 69. Rd7+ Ke8 70. Kd6 Rf6 71. Re7+
Kf8 72. Kd7 Rf5 73. Re8+ Kg7 74. Rd8 Re5 75. e7 Kf7 76. Rf8+ Kg7 77. e8=Q Rxe8
78. Rxe8 Kf6 79. Kd6 Kf7 80. Re6 Kf8 81. Re7 Kg8 82. Ke6 Kf8 83. Kf6 Kg8 84.
Kg6 Kf8 85. Re3 Kg8 86. Re8# 1-0

[Event "Detroit (MI Action/4/3)"]
[Site "?"]
[Date "1996.??.??"]
[Round "?"]
[White "Hill, Brad"]
[Black "Herron, J."]
[Result "1-0"]
[WhiteElo "1745"]
[BlackElo "1740"]
[PlyCount "69"]
[EventDate "1996.??.??"]

{4/(3)} 1. d4 g6 2. e4 Bg7 3. Nf3 d6 4. Bc4 Nf6 5. Nc3 O-O 6. O-O Nc6 7. Be3 e5
8. dxe5 dxe5 9. Nd5 Nxd5 10. Bxd5 Bd7 11. c3 Qc8 12. Bc5 Rd8 13. Ng5 Be6 14.
Qf3 Qd7 15. Bxe6 fxe6 16. Qh3 Bf6 17. Qxe6+ Qxe6 18. Nxe6 Rd7 19. Rad1 Rf7 20.
Be3 Re8 21. Ng5 Rfe7 22. Rd3 Na5 23. b3 b6 24. Rfd1 Nb7 25. Nf3 Nd6 26. Nd2 Rf7
27. f3 h5 28. c4 Ref8 29. Nb1 g5 30. Nc3 g4 31. fxg4 hxg4 32. c5 Nb7 33. cxb6
axb6 34. Rd7 Bg7 35. Nb5 {[Remainder unavailable]} 1-0

[Event "Lansing (MOR/5/4)"]
[Site "?"]
[Date "1996.??.??"]
[Round "?"]
[White "Hill, Brad"]
[Black "Griffin, John"]
[Result "1-0"]
[WhiteElo "1640"]
[BlackElo "1605"]
[PlyCount "127"]
[EventDate "1996.??.??"]

{5/(4)} 1. e4 c5 2. f4 e6 3. e5 d6 4. exd6 Qxd6 5. g3 Bd7 6. Bg2 Bc6 7. Nf3 Nf6
8. O-O Be7 9. d3 O-O 10. Nbd2 b5 11. Qe2 Nbd7 12. Re1 Qc7 13. Ne4 a6 14. Bd2
Rfe8 15. Bc3 Nxe4 16. dxe4 Bf6 17. Bxf6 Nxf6 18. e5 Nd7 19. Rad1 Rad8 20. Ng5
Bxg2 21. Qxg2 h6 22. Ne4 Nb6 23. Nd6 Re7 24. Rd3 Red7 25. Red1 Nc8 26. Qb7 Qxb7
27. Nxb7 Rxd3 28. Rxd3 Rxd3 29. cxd3 c4 30. dxc4 bxc4 31. Nc5 a5 32. Nd7 f6 33.
Kf2 Kf7 34. Ke3 Ke7 35. Nc5 fxe5 36. fxe5 Nb6 37. Kd4 a4 38. Nb7 a3 39. bxa3
Kd7 40. Nd6 c3 41. Kxc3 Nd5+ 42. Kd4 Kc6 43. Ne8 g6 44. Nf6 Nc7 45. a4 Kb6 46.
h4 Na6 47. Nd7+ Kc7 48. Nc5 Nb4 49. Nxe6+ Kc8 50. Nf8 g5 51. hxg5 hxg5 52. Nh7
g4 53. Nf6 Nxa2 54. Nxg4 Kd7 55. Nf6+ Ke6 56. Kc4 Kxe5 57. a5 Kd6 58. a6 Kc6
59. g4 Nc1 60. g5 Ne2 61. g6 Nf4 62. g7 Ng6 63. g8=Q Ne5+ 64. Kc3 1-0

[Event "Lansing (MOR/1b/12)"]
[Site "?"]
[Date "1996.??.??"]
[Round "?"]
[White "Hill, Brad"]
[Black "Feguer, Mike"]
[Result "1-0"]
[WhiteElo "1640"]
[BlackElo "1605"]
[PlyCount "49"]
[EventDate "1996.??.??"]

1. e4 e5 2. Nf3 Nc6 3. Bb5 Nf6 4. O-O Nd4 5. Nxd4 exd4 6. d3 a6 7. Ba4 b5 8.
Bb3 Bd6 9. e5 Bxe5 10. Re1 d6 11. f4 Ng4 12. fxe5 Ne3 13. exd6 Qxd6 14. Bxe3
dxe3 15. Rxe3+ Be6 16. Bxe6 fxe6 17. Qh5+ g6 18. Qf3 Kd7 19. Qf7+ Kd8 20. Qxe6
Qd4 21. Qe5 Qb4 22. Qxh8+ Kd7 23. Qxa8 Qxb2 24. Qd5+ Kc8 25. Re8# 1-0

[Event "Detroit (Class DE/4/1)"]
[Site "?"]
[Date "1996.??.??"]
[Round "?"]
[White "Hill, Brad"]
[Black "Davey, Scott"]
[Result "1/2-1/2"]
[WhiteElo "1605"]
[BlackElo "1605"]
[PlyCount "56"]
[EventDate "1996.??.??"]

{4/(1)} 1. d4 Nf6 2. Bg5 c5 3. Bxf6 gxf6 4. d5 Qb6 5. Qc1 Bh6 6. e3 d6 7. Nd2
Nd7 8. Ngf3 f5 9. Bd3 Nf6 10. c4 e5 11. Qc3 Ke7 12. Nxe5 Nxd5 13. Nc6+ bxc6 14.
Qxh8 Nf6 15. Bxf5 Bb7 16. Qxa8 Bxa8 17. b3 Qd8 18. O-O Qg8 19. Rad1 Bb7 20. Nf3
Bc8 21. Bxc8 Qxc8 22. Rd3 Qe6 23. Rfd1 Ne8 24. e4 Bg7 25. Ng5 Qg6 26. Nf3 Qe6
27. Ng5 Qf6 28. Nf3 Qe6 1/2-1/2

[Event "Lansing (MOR/3/10)"]
[Site "?"]
[Date "1996.??.??"]
[Round "?"]
[White "Hill, Brad"]
[Black "Carpenter, George"]
[Result "1/2-1/2"]
[WhiteElo "1640"]
[BlackElo "1605"]
[PlyCount "53"]
[EventDate "1996.??.??"]

{3/(10)} 1. d4 d5 2. c4 e6 3. Nc3 Nf6 4. cxd5 Nxd5 5. e4 Nxc3 6. bxc3 Nd7 7.
Nf3 c5 8. Bd3 cxd4 9. cxd4 Be7 10. O-O O-O 11. Qe2 a6 12. a4 Nf6 13. Bg5 Bd7
14. Bxf6 Bxf6 15. e5 Be7 16. Qe4 g6 17. Qxb7 a5 18. Bb5 Bxb5 19. axb5 Bb4 20.
Rfc1 Rb8 21. Qc6 Qb6 22. Qxb6 Rxb6 23. Ng5 Rxb5 24. Ne4 Ra8 25. Ra4 Rd8 26. Rc4
Kg7 27. Ra1 1/2-1/2

[Event "Kalamazoo (Mini-Swiss.3/2)"]
[Site "?"]
[Date "1996.??.??"]
[Round "?"]
[White "Higgins, Richard"]
[Black "Dumas, Steve"]
[Result "0-1"]
[WhiteElo "1605"]
[BlackElo "1605"]
[PlyCount "94"]
[EventDate "1996.??.??"]

{3/(2)} 1. e4 e6 2. c3 b6 3. d4 d5 4. e5 Bb7 5. Nf3 a6 6. Be3 b5 7. Nbd2 Be7 8.
Qb3 c6 9. a4 f6 10. Be2 f5 11. Bf4 g5 12. Nxg5 Bxg5 13. Bh5+ Kd7 14. Bxg5 Qxg5
15. Bf3 Ne7 16. c4 Qf4 17. Qb4 Ke8 18. c5 a5 19. Qc3 b4 20. Bh5+ Kd7 21. Qe3
Qh4 22. Qh6 Qxd4 23. O-O Qxc5 24. Bf7 Ng6 25. Qg7 Qf8 26. Qf6 Kc7 27. Qxe6 Kb6
28. Bxg6 hxg6 29. Rac1 Na6 30. Nc4+ dxc4 31. Qxc4 Nc5 32. Rfd1 Ba6 33. Qf4 Qe7
34. Rd6 Rh4 35. Qe3 Rc4 36. Rcd1 Re4 37. Rxc6+ Kxc6 38. Rd6+ Kb7 39. Qd2 Nd3
40. h3 Re1+ 41. Kh2 Qxe5+ 42. g3 Qxd6 43. Qh6 Qc6 44. Qg7+ Kb6 45. Qd4+ Nc5 46.
f3 Rae8 47. Qd8+ Rxd8 0-1

[Event "Ann Arbor (Mini-Swiss/1/5)"]
[Site "?"]
[Date "1996.??.??"]
[Round "?"]
[White "Hickey, Gene"]
[Black "Walquist, Elaine"]
[Result "0-1"]
[WhiteElo "1985"]
[BlackElo "1750"]
[PlyCount "62"]
[EventDate "1996.??.??"]

{1/(5)} 1. d4 d5 2. e4 e6 3. f3 c6 4. Bd3 Bd6 5. Be3 Qh4+ 6. Bf2 Qg5 7. g3 Nd7
8. f4 Qd8 9. e5 Be7 10. c3 Qb6 11. Qc2 Nh6 12. h3 c5 13. b3 f5 14. exf6 Nxf6
15. g4 c4 16. bxc4 dxc4 17. Bf1 Qc6 18. Rh2 Nd5 19. Bg2 Qc7 20. Bxd5 exd5 21.
Ne2 O-O 22. Bg3 Bd6 23. Rf2 Bd7 24. Nd2 Rae8 25. O-O-O Ba3+ 26. Kb1 Qa5 27. Nc1
Re3 28. Rf3 Rxf3 29. Nxf3 Nxg4 30. hxg4 Bxg4 31. Ne1 Qb5+ $138 0-1

[Event "Detroit (Beg/1/1)"]
[Site "?"]
[Date "1996.??.??"]
[Round "?"]
[White "Herschler, R."]
[Black "Saenz, Scott"]
[Result "0-1"]
[WhiteElo "1605"]
[BlackElo "1605"]
[PlyCount "98"]
[EventDate "1996.??.??"]

{1/(1)} 1. e4 c5 2. Nf3 e6 3. d4 cxd4 4. Nxd4 a6 5. Nc3 Qc7 6. Bd3 Nc6 7. Nxc6
dxc6 8. O-O Bd6 9. Be3 Bxh2+ 10. Kh1 Bd6 11. g3 Nf6 12. Bd4 Be5 13. Bc4 b5 14.
Bxe5 Qxe5 15. Be2 O-O 16. f4 Qc7 17. e5 Nd5 18. Nxd5 exd5 19. Bd3 f6 20. exf6
Rxf6 21. Qe2 Re6 22. Qh5 Rh6 23. Qxh6 gxh6 24. Rae1 Bg4 25. f5 Qxg3 26. f6 Bf3+
27. Rxf3 Qxf3+ 28. Kg1 Qg3+ 29. Kf1 Rf8 30. Re7 Rxf6+ 31. Ke2 Qg4+ 32. Kd2 Rf2+
33. Kc3 Rf3 34. Re8+ Kf7 35. Re1 Qc4+ 36. Kd2 Qb4+ 37. c3 Qxb2+ 38. Bc2 Rf2+
39. Re2 Rxe2+ 40. Kxe2 Qxc2+ 41. Kf3 Qe4+ 42. Kg3 h5 43. c4 dxc4 44. a4 b4 45.
a5 b3 46. Kf2 b2 47. Kf1 b1=Q+ 48. Kf2 Qbh1 49. Kg3 Qhg2# 0-1

[Event "Detroit (Beg/3/9)"]
[Site "?"]
[Date "1996.??.??"]
[Round "?"]
[White "Herschler, R."]
[Black "Aguilar, Javier"]
[Result "0-1"]
[WhiteElo "1605"]
[BlackElo "1605"]
[PlyCount "68"]
[EventDate "1996.??.??"]

{3/(9)} 1. e4 c5 2. Nc3 d6 3. Nf3 Nf6 4. d4 cxd4 5. Nxd4 g6 6. Bc4 Bg7 7. Bb5+
Bd7 8. Bc4 O-O 9. h3 a6 10. O-O b5 11. Bd3 Nc6 12. Nxc6 Bxc6 13. Bf4 Qb6 14. e5
dxe5 15. Bxe5 Rad8 16. Qe2 Qb7 17. f3 Nh5 18. Rad1 Bxe5 19. Qxe5 Rfe8 20. Ne4
Rd5 21. Qc3 Qb6+ 22. Kh2 Qc7+ 23. Kh1 e5 24. g4 Ng3+ 25. Kg2 Nxe4 26. fxe4 Rd4
27. Qb3 Red8 28. Rf3 Bxe4 29. Bxe4 Rxd1 30. Rf6 R1d6 31. Rxf7 Qxf7 32. Bd5 Rxd5
33. Qg3 Rd1 34. Qxe5 R8d2+ 0-1

[Event "Lansing (MOR/2/5)"]
[Site "?"]
[Date "1996.??.??"]
[Round "?"]
[White "Herron, J."]
[Black "Westberg, A."]
[Result "1-0"]
[WhiteElo "1725"]
[BlackElo "1605"]
[PlyCount "43"]
[EventDate "1996.??.??"]

{2/(5)} 1. Nf3 d6 2. g3 g6 3. Bg2 Nf6 4. Nc3 Bg7 5. e4 e5 6. O-O O-O 7. d3 Nc6
8. Be3 Ng4 9. Qd2 Nxe3 10. fxe3 Be6 11. d4 Ne7 12. d5 Bd7 13. Rf2 f5 14. Raf1
Qc8 15. Bh3 fxe4 16. Bxd7 Qxd7 17. Nxe4 Nf5 18. Nfg5 Bh6 19. g4 Nh4 20. Ne6
Rxf2 21. Qxf2 c6 22. Nf6+ 1-0

[Event "Detroit (MI Action/5/8)"]
[Site "?"]
[Date "1996.??.??"]
[Round "?"]
[White "Herron, J."]
[Black "Skidmore, Mike"]
[Result "1-0"]
[WhiteElo "1740"]
[BlackElo "1970"]
[PlyCount "60"]
[EventDate "1996.??.??"]

{5/(8)} 1. Nf3 d5 2. g3 c6 3. Bg2 Nf6 4. O-O Bg4 5. h3 Bh5 6. d3 Nbd7 7. Nbd2
e5 8. e4 Bd6 9. c4 Qc7 10. Qc2 dxe4 11. dxe4 O-O 12. Nh4 h6 13. Ndf3 Nc5 14.
Nh2 Ne6 15. Be3 Nd4 16. Bxd4 exd4 17. c5 Bxg3 18. fxg3 Qxg3 19. Nf5 Qe5 20. Qd3
Rfd8 21. Rac1 Bg6 22. Nf3 Qxe4 23. Qxe4 Nxe4 24. N5xd4 Ng3 25. Rfe1 Rd7 26. Ne2
Nh5 27. Ne5 Rd2 28. Nxg6 fxg6 29. Rb1 Re8 30. Bf3 Nf6 {[Remainder unavailable]}
1-0

[Event "Lansing (MOR/6/5)"]
[Site "?"]
[Date "1996.??.??"]
[Round "?"]
[White "Herron, J."]
[Black "Oprean, G."]
[Result "1-0"]
[WhiteElo "1725"]
[BlackElo "1605"]
[PlyCount "73"]
[EventDate "1996.??.??"]

{6/(5)} 1. Nf3 d5 2. g3 Nf6 3. Bg2 Nc6 4. d3 e5 5. O-O Bd6 6. Nc3 O-O 7. e4
dxe4 8. dxe4 a6 9. Bg5 h6 10. Be3 Ne7 11. Nh4 Kh8 12. f4 c6 13. Qd2 Bc7 14. Qe2
b6 15. Rad1 Qe8 16. f5 a5 17. g4 Ba6 18. Qf3 Bxf1 19. Bxf1 Rd8 20. Bd3 Neg8 21.
Kh1 Qe7 22. g5 Nh7 23. f6 gxf6 24. Nf5 Qe6 25. gxh6 Ne7 26. Ng7 Qc8 27. Rg1 Ng6
28. Qg3 Rg8 29. Be2 Nf4 30. Bg4 Qa8 31. Bf5 Ne6 32. Bxh7 Kxh7 33. Qg4 Qc8 34.
Qf5+ Kh8 35. Qxf6 Rxg7 36. hxg7+ Kg8 37. Qh6 1-0

[Event "Detroit (MI Action/1/6)"]
[Site "?"]
[Date "1996.??.??"]
[Round "?"]
[White "Herron, J."]
[Black "McAllister, Don"]
[Result "1-0"]
[WhiteElo "1740"]
[BlackElo "1605"]
[PlyCount "63"]
[EventDate "1996.??.??"]

{1/(6)} 1. Nf3 e6 2. g3 d5 3. Bg2 Nf6 4. O-O Bd6 5. d3 h6 6. Nc3 O-O 7. e4 c6
8. e5 Bxe5 9. Nxe5 Qd6 10. Bf4 Qd8 11. Re1 c5 12. d4 c4 13. g4 Nfd7 14. Ne2
Nxe5 15. Bxe5 Nc6 16. f4 f6 17. c3 fxe5 18. fxe5 Bd7 19. Ng3 Ne7 20. Qc2 Be8
21. Rf1 Bg6 22. Qe2 Bd3 23. Rxf8+ Qxf8 24. Qd2 Ng6 25. Bf1 Bxf1 26. Rxf1 Qe7
27. h3 Rf8 28. Rxf8+ Qxf8 29. Nh5 Nh4 30. Qf2 Qf3 31. Qxh4 Qd1+ 32. Kg2 1-0

[Event "Detroit (MI Action/3/3)"]
[Site "?"]
[Date "1996.??.??"]
[Round "?"]
[White "Herron, J."]
[Black "Gentry, Loyd"]
[Result "1/2-1/2"]
[WhiteElo "1740"]
[BlackElo "1620"]
[PlyCount "103"]
[EventDate "1996.??.??"]

{3/(3)} 1. Nf3 d5 2. g3 c6 3. Bg2 Bg4 4. O-O Nf6 5. d3 Nbd7 6. h3 Bh5 7. Nc3 e5
8. e4 d4 9. Ne2 Bd6 10. Nh4 Bg6 11. f4 exf4 12. Nxg6 hxg6 13. gxf4 Bc5 14. e5
Ng8 15. Ng3 Ne7 16. Qe2 Nf5 17. Nxf5 gxf5 18. e6 Nf6 19. Bd2 Qc7 20. exf7+ Kxf7
21. Rae1 Rae8 22. Qf3 Re7 23. Rxe7+ Qxe7 24. Re1 Qd7 25. b4 Bb6 26. a4 a6 27.
a5 Ba7 28. Qg3 Re8 29. Re5 Bb8 30. Re1 Rxe1+ 31. Qxe1 Qe6 32. Qxe6+ Kxe6 33.
Kf2 Bd6 34. Kf3 c5 35. bxc5 Bxc5 36. c3 dxc3 37. Bxc3 b6 38. d4 Bd6 39. axb6
Nd5 40. Ba5 Nxf4 41. Bf1 Kd5 42. Ke3 g5 43. Bxa6 Nxh3 44. Bb7+ Ke6 45. d5+ Kf6
46. Bc8 Nf4 47. Kd4 g4 48. b7 g3 49. Bd8+ Kg6 50. Bh4 g2 51. Bf2 Nh3 52. Ke3 {
[Remainder unavailable]} 1/2-1/2

[Event "Lansing (MOR/4/3)"]
[Site "?"]
[Date "1996.??.??"]
[Round "?"]
[White "Herron, J."]
[Black "Assem, N."]
[Result "1-0"]
[WhiteElo "1725"]
[BlackElo "1605"]
[PlyCount "74"]
[EventDate "1996.??.??"]

{4/(3)} 1. Nf3 Nc6 2. g3 e5 3. d3 Nf6 4. Bg2 Be7 5. O-O O-O 6. e4 d6 7. Be3 Bg4
8. Qd2 Ne8 9. h3 Bd7 10. g4 Nf6 11. Nh2 Be6 12. f4 exf4 13. Bxf4 Ne5 14. Nc3 c6
15. Rae1 Qc7 16. Qe2 Qb6+ 17. Kh1 Qxb2 18. Nd1 Qb6 19. g5 Ne8 20. h4 Qd8 21. d4
Bc4 22. Qf2 Bxf1 23. Bxf1 Nd7 24. Ne3 Nc7 25. Nf5 Ne6 26. Bc1 Qe8 27. d5 Nc7
28. Ng4 f6 29. dxc6 bxc6 30. Bc4+ Kh8 31. Qh2 Ne5 32. Nxe5 fxe5 33. h5 Qd7 34.
g6 Bf6 35. h6 d5 36. hxg7+ Qxg7 37. Nxg7 Bxg7 1-0

[Event "Flint (MI Jr/3/24)"]
[Site "?"]
[Date "1996.??.??"]
[Round "?"]
[White "Herron, D."]
[Black "Richardson, M."]
[Result "1-0"]
[WhiteElo "1605"]
[BlackElo "1605"]
[PlyCount "75"]
[EventDate "1996.??.??"]

{3/(24)} 1. e4 d5 2. e5 Nc6 3. Bb5 a6 4. Bxc6+ bxc6 5. d4 Nh6 6. Bxh6 gxh6 7.
Nf3 Rb8 8. b3 Rg8 9. g3 e6 10. Qd3 Bb4+ 11. c3 Be7 12. c4 c5 13. cxd5 Qxd5 14.
Nc3 Qd7 15. Qxh7 Rf8 16. Rd1 Bb7 17. Qd3 f5 18. exf6 Bxf6 19. d5 Bxd5 20. Nxd5
exd5 21. Qxd5 Qe7+ 22. Kf1 Rd8 23. Qh5+ Rf7 24. Re1 Be5 25. Nxe5 Rd5 26. Qxf7+
Qxf7 27. Nxf7+ Kxf7 28. Kg2 Rd2 29. Rc1 Rd5 30. a3 Kf6 31. b4 Rg5 32. Rxc5 h5
33. Rxg5 Kxg5 34. f4+ Kg4 35. Re1 h4 36. Re5 h3+ 37. Kf2 c6 38. Rg5# 1-0

[Event "Detroit (WCO/2/12)"]
[Site "?"]
[Date "1996.??.??"]
[Round "?"]
[White "Henry, Robynne"]
[Black "Scales, H."]
[Result "0-1"]
[WhiteElo "1605"]
[BlackElo "1605"]
[PlyCount "110"]
[EventDate "1996.??.??"]

{2/(12)} 1. d4 d5 2. Bf4 Nf6 3. e3 e6 4. Bd3 Nc6 5. Nf3 Ne4 6. Nbd2 Nf6 7. Ne5
Nxe5 8. Bxe5 Bd6 9. O-O Bxe5 10. dxe5 Nd7 11. f4 Nc5 12. Qf3 Bd7 13. f5 Nxd3
14. fxe6 Bxe6 15. cxd3 Qe7 16. a3 O-O-O 17. d4 h5 18. Nb3 g5 19. Qf6 Qxf6 20.
Rxf6 b6 21. a4 a5 22. Nd2 g4 23. Rd1 Rhg8 24. e4 Rg6 25. Rxg6 fxg6 26. Kf2 Rf8+
27. Kg3 g5 28. h4 gxh4+ 29. Kxh4 Rf2 30. Kg3 Re2 31. exd5 Bxd5 32. Kh4 Bf7 33.
Rf1 Bd5 34. Rf8+ Kd7 35. Nf3 gxf3 36. gxf3 Rxb2 37. Kxh5 Rb4 38. f4 Rxd4 39. f5
Rxa4 40. f6 Ke6 41. Re8+ Kd7 42. Re7+ Kd8 43. e6 Bc6 44. Rg7 Bf3+ 45. Kg5 Rg4+
46. Kf5 a4 47. Rxg4 Bxg4+ 48. Kxg4 a3 49. Kg5 a2 50. Kg6 Ke8 51. e7 a1=Q 52.
Kg7 Qg1+ 53. Kh8 Kf7 54. e8=Q+ Kxe8 55. Kh7 Kf7 0-1

[Event "Howell (US Am N/4/49)"]
[Site "?"]
[Date "1996.??.??"]
[Round "?"]
[White "Henry, Robynne"]
[Black "Saenz, Scott"]
[Result "0-1"]
[WhiteElo "1605"]
[BlackElo "1605"]
[PlyCount "44"]
[EventDate "1996.??.??"]

{4/(49)} 1. d4 Nf6 2. Bf4 e6 3. Bg5 d5 4. g3 Nc6 5. a3 Bd6 6. Bg2 b6 7. Nf3 Ba6
8. O-O O-O 9. Nc3 h6 10. Bxf6 Qxf6 11. a4 Ne7 12. Qd2 c5 13. Rab1 Nc6 14. Rfd1
cxd4 15. Nxd4 Nxd4 16. Qxd4 Be5 17. Qd2 Bxc3 18. bxc3 Rfc8 19. c4 Rxc4 20. Ra1
Rac8 21. Rdc1 Qd4 22. Qxd4 Rxd4 {[Remainder illegible; 0-1, 61?]} 0-1

[Event "Howell (US Am N/6/43)"]
[Site "?"]
[Date "1996.??.??"]
[Round "?"]
[White "Henry, Robynne"]
[Black "Koo, M."]
[Result "1/2-1/2"]
[WhiteElo "1605"]
[BlackElo "1605"]
[PlyCount "58"]
[EventDate "1996.??.??"]

{6/(43)} 1. e4 e5 2. Nf3 Nc6 3. Bc4 Nf6 4. d3 Be7 5. a3 O-O 6. Be3 d6 7. h3 a6
8. Nc3 b5 9. Ba2 Bd7 10. Nd5 a5 11. Nxf6+ Bxf6 12. Bd5 Ra6 13. Qd2 h6 14. O-O
Qe8 15. c3 Be6 16. Rfc1 Ne7 17. Bxe6 fxe6 18. c4 bxc4 19. Rxc4 Rc6 20. Rxc6
Nxc6 21. Rb1 Qg6 22. Qc2 Nd4 23. Qd1 Nxf3+ 24. Qxf3 Bh4 25. Qe2 d5 26. f3 d4
27. Bf2 Bxf2+ 28. Qxf2 c5 29. Rf1 Qg5 1/2-1/2

[Event "Detroit (WCO/1/23)"]
[Site "?"]
[Date "1996.??.??"]
[Round "?"]
[White "Henry, Robynne"]
[Black "Koo, M."]
[Result "1-0"]
[WhiteElo "1605"]
[BlackElo "1605"]
[PlyCount "92"]
[EventDate "1996.??.??"]

{1/(23)} 1. d4 d5 2. Bf4 Nc6 3. e3 a6 4. Nf3 Nf6 5. Ne5 Nxe5 6. Bxe5 Ne4 7. Bd3
Bf5 8. Bxe4 Bxe4 9. Nc3 Bg6 10. f3 f6 11. Bf4 e5 12. dxe5 fxe5 13. Bxe5 Qh4+
14. Bg3 Qc4 15. Qxd5 Qxd5 16. Nxd5 O-O-O 17. e4 Bf7 18. Nxc7 Bd6 19. Bxd6 Rxd6
20. Nd5 Bxd5 21. exd5 Re8+ 22. Kf2 Rxd5 23. Rad1 Red8 24. Rxd5 Rxd5 25. Re1 b5
26. Re8+ Kd7 27. Re4 a5 28. c3 h6 29. Rd4 Rxd4 30. cxd4 Kd6 31. Ke3 Kd5 32. Kd3
g6 33. a3 b4 34. axb4 axb4 35. g4 b3 36. h4 g5 37. hxg5 hxg5 38. Kc3 Kd6 39.
Kxb3 Kd5 40. Kc3 Ke6 41. b4 Kd5 42. b5 Kd6 43. Kd3 Kc7 44. Ke4 Kb6 45. f4 gxf4
46. Kxf4 Kxb5 1-0

[Event "Howell (US Am N/2/47)"]
[Site "?"]
[Date "1996.??.??"]
[Round "?"]
[White "Henry, Robynne"]
[Black "Haygood, Norman"]
[Result "0-1"]
[WhiteElo "1605"]
[BlackElo "1605"]
[PlyCount "108"]
[EventDate "1996.??.??"]

{2/(47)} 1. e4 c6 2. Bc4 d5 3. exd5 cxd5 4. Bb5+ Nc6 5. Nf3 Bg4 6. O-O Nf6 7.
Nc3 e6 8. d3 Bd6 9. Bg5 O-O 10. Bxc6 bxc6 11. h3 Bh5 12. a3 h6 13. Bxf6 Qxf6
14. a4 Rab8 15. Rb1 Rb7 16. Re1 Rfb8 17. Qe2 Rxb2 18. Rxb2 Rxb2 19. Nd1 Bxf3
20. Qxf3 Qxf3 21. gxf3 Rxc2 22. Kf1 Rd2 23. Ne3 Rxd3 24. Rb1 Ra3 25. Rb7 Rxa4
26. Rd7 Bf4 27. Rd8+ Kh7 28. Ng4 h5 29. Ne3 Bxe3 30. fxe3 c5 31. Re8 c4 32. Ke2
Ra2+ 33. Ke1 g5 34. Re7 Kg6 35. Rc7 f5 36. Rc6 Kf6 37. Kd1 Rf2 38. e4 Ke5 39.
exd5 exd5 40. Rc8 Rxf3 41. Re8+ Kd4 42. Re7 Kd3 43. Re2 Rf1+ 44. Re1 Rxe1+ 45.
Kxe1 c3 46. Kd1 c2+ 47. Kc1 f4 48. h4 gxh4 49. Kb2 Kd2 50. Ka2 c1=Q 51. Kb3
Qb1+ 52. Ka4 Kc3 53. Ka5 Kc4 54. Ka6 Qb6# 0-1

[Event "Flint (MI Senior/4/5)"]
[Site "?"]
[Date "1996.??.??"]
[Round "?"]
[White "Hencir, Edward"]
[Black "Schey, Danny"]
[Result "0-1"]
[WhiteElo "1680"]
[BlackElo "1745"]
[PlyCount "94"]
[EventDate "1996.??.??"]

{4/(5)} 1. d4 d6 2. e3 Bf5 3. Nd2 e5 4. dxe5 dxe5 5. c3 Nf6 6. Bc4 c6 7. Ngf3
Bd6 8. O-O O-O 9. h3 Nbd7 10. Nh4 Be6 11. Bxe6 fxe6 12. Nhf3 b5 13. Qc2 Nd5 14.
b3 N7f6 15. Bb2 Qc7 16. Rad1 Bc5 17. Rfe1 Rad8 18. a3 Ne7 19. c4 Ng6 20. cxb5
cxb5 21. Rc1 Rc8 22. Ne4 Bb6 23. Nxf6+ gxf6 24. Qe4 Qe7 25. Rc6 f5 26. Qc2 Rxc6
27. Qxc6 e4 28. Rd1 e5 29. Qd5+ Qf7 30. Nxe5 Nxe5 31. Qxe5 Qg6 32. Qh8+ Kf7 33.
Rd7+ Ke8 34. Qxh7 Qxh7 35. Rxh7 f4 36. Bd4 Bxd4 37. exd4 e3 38. Kf1 a5 39. Rh5
Kd7 40. Rxb5 Rc8 41. fxe3 fxe3 42. Ke2 Rc3 43. b4 a4 44. Re5 Rxa3 45. Rxe3
Rxe3+ 46. Kxe3 a3 47. g4 a2 {[Remainder illegible]} 0-1

[Event "Kalamazoo (MI Am/5/9)"]
[Site "?"]
[Date "1996.??.??"]
[Round "?"]
[White "Hencir, Edward"]
[Black "Rozeboom, D."]
[Result "0-1"]
[WhiteElo "1680"]
[BlackElo "1605"]
[PlyCount "128"]
[EventDate "1996.??.??"]

{5/(9)} 1. d4 Nf6 2. e3 d5 3. Nf3 Bg4 4. Nbd2 e6 5. Be2 Be7 6. O-O Nbd7 7. h3
Bh5 8. c4 c5 9. cxd5 Nxd5 10. a3 O-O 11. Re1 cxd4 12. Nxd4 Bxe2 13. Qxe2 Rc8
14. N2f3 h6 15. e4 N5f6 16. e5 Nd5 17. Qe4 Nc5 18. Qg4 f5 19. Qg6 Qe8 20. Qg3
f4 21. Qh2 Qf7 22. Rd1 Ne4 23. h4 Nc5 24. Bd2 Ne4 25. Be1 g5 26. hxg5 Bxg5 27.
Qh3 Rfe8 28. Nxe6 Rxe6 29. Rxd5 Rd8 30. Rxd8+ Bxd8 31. Rd1 Bb6 32. Qg4+ Kf8 33.
Nh4 h5 34. Qe2 Rxe5 35. Nf3 Rd5 36. Rc1 Nf6 37. Rc8+ Rd8 38. Rc2 Re8 39. Qc4
Qd7 40. Qxf4 Re6 41. Qb8+ Re8 42. Rd2 Rxb8 43. Rxd7 Nxd7 44. Bc3 Kf7 45. g3 Kg6
46. Kg2 Nf6 47. Nh4+ Kf7 48. f3 Re8 49. Kf1 Nd5 50. Bd2 Ne3+ 51. Bxe3 Bxe3 52.
Nf5 Re6 53. Kg2 Bc1 54. b3 Bxa3 55. Kh3 Kg6 56. Nh4+ Kf6 57. Ng2 Rb6 58. Kh4
Rxb3 59. Kxh5 Rxf3 60. Kg4 Rf2 61. Nf4 Bd6 62. Nd3 Rg2 63. Nf4 Bxf4 64. Kxf4
Rd2 0-1

[Event "Flint (MI Senior/2/9)"]
[Site "?"]
[Date "1996.??.??"]
[Round "?"]
[White "Hencir, Edward"]
[Black "Rosebrook, G."]
[Result "1-0"]
[WhiteElo "1680"]
[BlackElo "1605"]
[PlyCount "107"]
[EventDate "1996.??.??"]

{2/(9)} 1. d4 Nf6 2. e3 d6 3. h3 g6 4. Nf3 Bg7 5. Nbd2 O-O 6. Be2 Nc6 7. O-O e5
8. dxe5 dxe5 9. c3 a6 10. Qc2 Bf5 11. e4 Be6 12. Rd1 Qe7 13. Nf1 Rad8 14. Bd2
Rfe8 15. Ng3 Bd7 16. Rac1 b5 17. a3 h6 18. b4 Be6 19. Be3 Nd7 20. a4 Bc4 21.
axb5 axb5 22. Bxc4 bxc4 23. Qa4 Qe6 24. Nd2 Ra8 25. Qb5 Bf8 26. Qxc4 Qf6 27.
Nf3 Red8 28. Qe2 Qe6 29. Rc2 Nb6 30. Rxd8 Nxd8 31. Rd2 Nc6 32. Kh2 Nc4 33. Ra2
Rd8 34. Ra6 Nxe3 35. Qxe3 Qc4 36. Ra3 Rd3 37. Qe1 f6 38. Qa1 h5 39. Qf1 Rxc3
40. Rxc3 Qxc3 41. b5 Nd8 42. Qb1 Qc5 43. Qb2 Ne6 44. Qa2 Kf7 45. Nh4 Qxb5 46.
Nxg6 Qe8 47. Nh4 Bh6 48. Ngf5 Bg5 49. Nf3 Kg6 50. h4 Bh6 51. g3 Bf8 52. Qd5 Nc5
53. Qg8+ Bg7 54. Qxg7# 1-0

[Event "Kalamazoo (MI Am/3/11)"]
[Site "?"]
[Date "1996.??.??"]
[Round "?"]
[White "Hencir, Edward"]
[Black "Phalen, Michael"]
[Result "1-0"]
[WhiteElo "1680"]
[BlackElo "1605"]
[PlyCount "69"]
[EventDate "1996.??.??"]

{3/(11)} 1. d4 e6 2. e3 Nf6 3. Nf3 d5 4. Nbd2 c5 5. c3 Nc6 6. a3 Bd6 7. Bd3 O-O
8. O-O Re8 9. e4 e5 10. exd5 Nxd5 11. dxe5 Nxe5 12. Nxe5 Rxe5 13. Nf3 Bg4 14.
Bd2 Qf6 15. Be2 Rh5 16. h3 Bxh3 17. Ne1 Bh2+ 18. Kxh2 Bg4+ 19. Kg1 Qh4 20. f3
Rd8 21. fxg4 Ne3 22. Bxe3 Rxd1 23. Rxd1 Re5 24. Bf2 Qe7 25. Bf3 h6 26. Nd3 Rg5
27. Rfe1 Qc7 28. Bh4 Rg6 29. Re8+ Kh7 30. Be4 c4 31. Ne5 b5 32. Rdd8 Qxd8 33.
Rxd8 a6 34. Nxf7 h5 35. Rh8# 1-0

[Event "Kalamazoo (MI Am/1/16)"]
[Site "?"]
[Date "1996.??.??"]
[Round "?"]
[White "Hencir, Edward"]
[Black "Pash, S."]
[Result "1-0"]
[WhiteElo "1680"]
[BlackElo "1605"]
[PlyCount "103"]
[EventDate "1996.??.??"]

{1/(16)} 1. d4 Nf6 2. e3 g6 3. Nf3 d6 4. h3 Bg7 5. Nbd2 Nc6 6. a3 O-O 7. Bd3 d5
8. O-O Bd7 9. c4 b6 10. cxd5 Nxd5 11. Qc2 Qc8 12. Ne4 Bh6 13. Bd2 Nd8 14. Rac1
Bxh3 15. Ne5 Bf5 16. f4 f6 17. Nf3 Kh8 18. Nf2 Rg8 19. e4 Nxf4 20. Bxf4 Bxf4
21. exf5 Bxc1 22. Rxc1 g5 23. Qxc7 Qb7 24. Be4 Rc8 25. Qxc8 Qxc8 26. Rxc8 h5
27. d5 Nb7 28. Rc7 Nd6 29. Rxe7 g4 30. Nh4 Nxe4 31. Nxe4 Rg7 32. Ng6+ Kh7 33.
Nxf6+ Kh6 34. d6 Rxe7 35. dxe7 Kg5 36. Ne4+ Kxf5 37. Nh4+ Kxe4 38. e8=Q+ Kd3
39. Qxh5 a5 40. Qxg4 b5 41. Kf2 b4 42. Qd1+ Kc4 43. Nf5 bxa3 44. bxa3 Kb5 45.
Ne3 a4 46. Qd5+ Kb6 47. Nc4+ Kc7 48. Qd6+ Kb7 49. Qd7+ Ka6 50. Qc6+ Ka7 51. Nd6
Kb8 52. Qb7# 1-0